Представление документа в формате RUSMARC

ПолеНазваниеЗначение
  Тип записи a
  Библиографический уровень m
001 Контрольный номер admiBOOK00016984
005 Дата корректировки 20140508173834.7
010 Индекс ISBN __
a ISBN 978-5-98281-121-9; 978-5-16-003114-9
d Цена 123.00
100 Данные общей обработки __
a Данные общей обработки 19020211 |||y0 y0189 ca
101 Язык документа __
a Язык текста rus
105 Кодированные данные (монография) __
a Кодированные данные (монография) zy
200 Заглавие и сведения об ответственности 0_
a Заглавие Экономика отрасли: туризм
e Сведения, относящиеся к заглавию Учебное пособие
205 Сведения об издании __
b Дополнительные сведения об издании Гриф Минобрнауки РФ
210 Выходные данные __
a Место издания М
c Издательство Альфа-М: ИНФРА-М
d Дата издания 2007
215 Физическое описание __
a Объем 205с.
225 Серия __
a Серия "ПРОФИль"
606 Тематические рубрики __
a Основная рубрика Специальные и отраслевые экономики
x Основная подрубрика Экономикм туризма
610 Ключевые слова __
a Ключевые слова Экономика отрасли
a Ключевые слова Экономика туризма
a Ключевые слова Экономика отрасли: туризм
a Ключевые слова Гостиничный туризм
a Ключевые слова Гостиничное хозяйство
a Ключевые слова Имущество предприятия
a Ключевые слова Оплата труда в туризме
a Ключевые слова Ценообразование в туризме
a Ключевые слова Сегментация рынка туризма
a Ключевые слова Гостиничное хозяйство
a Ключевые слова Ресторанное хозяйство
a Ключевые слова Туристические организации
a Ключевые слова Туристическая отрасль
a Ключевые слова Хозяйственная деятельность в туристической отрасли
675 Индекс УДК __
a Индекс УДК 338.482.22(075)
686 Индексы других классификаций __
a Классификационный индекс 65.2/4
a Классификационный индекс 65.442
700 Автор __
a Фамилия Замедлина
b Имя Е.А.
701 Альтернативная интеллектуальная ответственность __
a Фамилия Козырева О.Н.
852 Данные о местонахождении __
c Местонахождение стеллажа 65.2/4
c Местонахождение стеллажа 65.432
j Шифр хранения 65.2/4
852 Данные о местонахождении __
b Сигла хранения ЧЗ_1
t Номер экземпляра 5
i Авторский знак З26
p Инвентарный номер 142366
p Инвентарный номер 142367
p Инвентарный номер 142368
p Инвентарный номер 142369
p Инвентарный номер 142370
901 Тип документа __
t Тип документа m
911 __
u 952a=Учебное пособие
u 952p=1843
938 Служебная информация __
a Название организации Саранский филиал
b Имя БД OUTPUT.MRC_Саранск
c Название АИБС АИБС Библиотека